| 000 | 01070nam a22003377a 4500 | ||
|---|---|---|---|
| 003 | CHAP | ||
| 005 | 20220329142233.0 | ||
| 008 | 000315d1996 mx r 00010 spa d | ||
| 010 | _a80366 | ||
| 011 | _a81338 | ||
| 020 | _a8385599525 | ||
| 035 | _a91807 | ||
| 040 | _cCHAP | ||
| 082 | 0 | 4 |
_a634.975016 _bK7 |
| 100 | 0 | 0 |
_aKról, Stanislaw. _963969 |
| 245 | 1 | 0 |
_aBibliografia cisa pospolitego Taxus baccata L. w Polsce _c/Stanislaw Król, Wlodzimierz Golab |
| 260 |
_aPoznán : _bSorus, _c1996. |
||
| 300 | _a82 p. | ||
| 590 |
_aBATCH-UPD _b10 _c20130110 _lUCH01 _h0713 |
||
| 590 |
_aBATCH-UPD _b10 _c20130111 _lUCH01 _h0000 |
||
| 590 |
_aBATCH-UPD _b10 _c20130410 _lUCH01 _h0358 |
||
| 590 |
_aBATCH-UPD _b10 _c20130914 _lUCH01 _h1033 |
||
| 590 |
_aCONVERSION _b10 _c20130109 _lUCH01 _h1345 |
||
| 650 | 1 | 4 |
_aConíferas _xBibliografía. _927237 |
| 650 | 1 | 4 |
_aTaxus baccata. _9111774 |
| 700 | 0 |
_aGolab, Wlodzimierz. _948534 |
|
| 901 | _aBK | ||
| 905 | _aAlejandra Carrasco M. | ||
| 942 | _cLIBRO | ||
| 949 |
_a634.975016 K7 _bBC _cLIBRO _d33724000733838 _eLIBRO _h97580 _i91807 _sb |
||
| 999 |
_c80366 _d80366 |
||